02300cam a2200409 a 4500999001500000001000900015003000600024005001700030008004100047010001600088020002300104020002600127035002000153040009800173050002200271082002300293092002000316245012300336260004900459300002300508336002600531337002800557338002700585505053600612520029601148600004801444600003801492600004601530600005601576650002501632650002901657650001601686655004401702700001801746942001201764952011401776 c9254d925439905614OCoLC20210111151204.0980910s1999 miu 000 0ceng  a 98044191 a0801058244 (paper) a9780801058240 (paper) a(OCoLC)39905614 aDLCbengcDLCdBAKERdBTCTAdYDXCPdOCLCGdOCLCAdQQ3dA7UdOCLCOdOCLCAdOCLCFdOCLCQdCIRBC00aBR1702b.C48 199900a270.8/092/2aB2210 a270.0922bC469100aCharacter counts :bleadership qualities in Washington, Wilberforce, Lincoln, and Solzhenitsyn /cOs Guinness, editor. aGrand Rapids, Mich. :bBaker Books,c©1999. a160 pages ;c22 cm atextbtxt2rdacontent aunmediatedbn2rdamedia avolumebnc2rdacarrier00tIntroduction /rOs Guinness --gGeorge Washington.tA leader for the multitude /rAlonzo L. McDonald ;tTo bigotry no sanction /rPaul F. Boller, Jr. --gWilliam Wilberforce.tA life of significance /rJ. Douglas Holladay ;tA man who changed his times /rJohn Pollock --gAbraham Lincoln.tThe spiritual growth of a public man /rAlonzo L. McDonald ;tTheologian of American anguish /rElton Trueblood --gAleksandr I. Solzhenitsyn.tThe writer underground /rAlonzo L. McDonald ;tThe oak and the calf /Aleksandr I. Solzhenitsyn.1 a"Character Counts contains brief biographical and reflective chapters about four remarkable world figures who not only withstood the extreme adversities of their offices and circumstances but flourished and grew under pressure to become people who made a difference in their times."--Jacket.10aWashington, George,d1732-1799xPsychology.10aWilberforce, William,d1759-1833.10aLincoln, Abraham,d1809-1865xPsychology.10aSolzhenit︠s︡yn, Aleksandr Isaevich,d1918-2008. 0aChristian biography. 0aCharactervCase studies. 0aLeadership. 7aCase studies.2fast0(OCoLC)fst014237651 aGuinness, Os. 2ddccBK 00102ddc40708NFICaHMCbHMCcGENd2021-01-15l0o270.8 G964Cp010594r2021-01-15 00:00:00w2021-01-15yBK